00698nam a2200229 a 4500001001300000003000900013005001700022008004100039020000900080082001700089100001600106245007200122260004500194300000800239500003500247650002200282700001600304902000800320942000700328952011600335999001700451nice12345678IN_TiNIC20260116014452.0080222s2006 newa grp 000 0 eng  ac1000a340.115bMAT aMathew, P D aThe Law on Atrocities Against Scheduled Castes and Scheduled Tribes aNew DelhibIndian Social Institutec2006 a13p aincludes index and biblioraphy aSocial-Acceptance1 aMathew, P D bSRS cBK 001040708StackRoom-aHMIbHMId2008-02-22g10.00l0o340.115 MATp021706r2008-02-22v10.00w2008-02-22yBK c15487d15487